000 00366nam a2200145Ia 4500
008 230917s9999||||xx |||||||||||||| ||und||
040 _e63268
_aMAIN
041 _aEnglish
082 _a320.05 P759P
100 _aMukhrjee, Suubrata, ed
245 0 _aPolitical science annual 1992
260 _aNew Delhi
_bDeep & Deep
_c1992
300 _axii, 266 p.
942 _cBK
999 _c65593
_d65593